| 000 | 00430nam a2200145 a 4500 | ||
|---|---|---|---|
| 005 | 20210219161713.0 | ||
| 008 | 130322s1998 mx r 000 0 spa d | ||
| 035 | _aUPN01000190448 | ||
| 049 | _aUNE | ||
| 080 | 4 | _a396 (7/8) "1995" MEM | |
| 111 | 2 |
_aReunion regional sobre salud reproductiva en America Latina y el Caribe _d(1995 : _cCancun, México) |
|
| 245 | 0 | 0 | _aMemoria |
| 260 |
_aMéxico : _bUNFPA, _c1998. |
||
| 300 | _a377 p. | ||
| 999 |
_c162551 _d162551 |
||